| 000 | 00777nam a2200253Ia 4500 | ||
|---|---|---|---|
| 008 | 160319s9999 xx 000 0 und d | ||
| 245 | _aReading with Blue / | ||
| 245 | _cNick Jr. Productions ; producer, Wendy Harris ; writer, Adam Peltzman ; director, Koyalee Chanda. | ||
| 260 | _bViacom International Inc. | ||
| 260 | _c2000 | ||
| 300 | _a1 videocassette (53 min.) : | ||
| 300 | _bsound, colored ; | ||
| 300 | _c4 3/4 in. | ||
| 440 | _aBlue's clues. | ||
| 650 | _aBlue's clues (Television program) -- | ||
| 650 | _aChildren -- Books and reading -- | ||
| 650 | _aFeature films. | ||
| 650 | _aLiteracy -- | ||
| 650 | _aReading -- | ||
| 650 | _xJuvenile drama. | ||
| 650 | _xJuvenile drama. | ||
| 650 | _xJuvenile drama. | ||
| 650 | _xJuvenile drama. | ||
| 999 |
_c292731 _d292731 |
||